00438 2200169 4500245005700000020002200057250001100079100002000090700002100110650001700131005001900148260004100167041001400208084000800222300002900230336000900259 aYa Allah , Semoga Dia JodohkucIzdihar QolbunyhText a978-602-02-2527-2 aCet. 1 aIzdihar Qolbuny aEnno El Khairity aNovel Islami a20230221081255 aJakartabElex Media Komputindoc2013 aIndonesia a813 aviii, 263 hlm. :c20 cm. atext